Hidden Paradigms/ (Record no. 212571)

MARC details
000 -LEADER
fixed length control field 00528nam a22001937a 4500
005 - DATE AND TIME OF LATEST TRANSACTION
control field 20250724143118.0
010 ## - LCCN (DPL NO)
LC control number ENG-146120
020 ## - INTERNATIONAL STANDARD BOOK NUMBER
International Standard Book Number 9789395474658
Terms of availability 2995.00
035 ## - SYSTEM CONTROL NUMBER
System control number EN-129652
037 ## - SOURCE OF ACQUISITION
Source of stock number/acquisition DBAD
082 ## - DEWEY DECIMAL CLASSIFICATION NUMBER
Classification number S
Edition number 1
100 ## - MAIN ENTRY--PERSONAL NAME
Personal name Beck, Brenda E.F.
245 ## - TITLE STATEMENT
Title Hidden Paradigms/
Statement of responsibility, etc Brenda E.F. Beck
250 ## - EDITION STATEMENT
Edition statement 1
260 ## - PUBLICATION, DISTRIBUTION, ETC. (IMPRINT)
Place of publication, distribution, etc New Delhi
Name of publisher, distributor, etc Sanctum Books
Date of publication, distribution, etc 2025
270 ## - ADDRESS
Address 68 Medical Association Road, Darya Ganj
City New Delhi
Postal code 110002
300 ## - PHYSICAL DESCRIPTION
Extent 470p.
Dimensions 22cm(hb)
Other physical details Index
942 ## - ADDED ENTRY ELEMENTS (KOHA)
Item type English Books
Classification part S
Source of classification or shelving scheme Dewey Decimal Classification
Call number suffix BEC
Holdings
Withdrawn status Lost status Not for loan Collection code Home library Current library Date acquired Source of acquisition Cost, normal purchase price Full call number Barcode Copy number Cost, replacement price Koha item type
    Not For Loan Fiction Bawana Bawana 24/07/2025 Delivery of Books Act Division 2995.00 S BEC EN-129652 1 2995.00 English Books

© Delhi Public Library
Hit Counter
free hit counter